000 00778nam a2200229Ia 4500
003 GCL
008 140319s9999 xx 000 0 ara d
020 _a585327977
040 _aGCL /
_cGCL
082 0 4 _a379.62
_bف ت
100 1 _aفاروق فلية
245 1 0 _aالتعليم فى غرفة الانعاش /
_cفاروق فلية
250 _aالاولى
260 _aالقاهرة :
_bدار الوفاء لدنيا الطباعة والنشر ،
_c2006
300 _a211 ص ؛
_c24 سم
650 0 4 _aالتخطيط التربوى
650 0 4 _aالتعليم الاساسى
650 0 4 _aالتعليم - اغراضه واهدافه
650 0 4 _aالتعليم - طرق معالجة
650 0 4 _aالتعليم - تاريخ - مصر
942 _2ddc
_cBK
999 _c8304
_d8304